[Event "ROM-ch U08"]
[Site "Calimanesti Caciulata"]
[Date "2016.04.20"]
[Round "3"]
[White "Ciobanu, Sebastian Andrei"]
[Black "Hristache, Gabriel"]
[Result "0-1"]
[WhiteElo "1001"]
[BlackElo "1034"]
[PlyCount "68"]
[EventDate "2016.04.18"]
[EventType "swiss"]
[EventRounds "9"]
[EventCountry "ROU"]
[SourceTitle "CBM 172 Extra"]
[Source "ChessBase"]
[SourceDate "2016.06.21"]
[SourceVersion "1"]
[SourceVersionDate "2016.06.21"]
[SourceQuality "1"]

1. e4 e5 2. Nf3 Nc6 3. Bc4 Nf6 4. Nc3 Bc5 5. 0-0 0-0 6. d3 h6 7. Qe1 d6 8. Be3 Bb6 9. Bxb6 axb6 10. Nh4 Nh5 11. f3 Qg5 12. g3 Bh3 13. Rf2 Nf4 14. Qe3 Be6 15. Kh1 Bh3 16. gxf4 exf4 17. Qd2 Qxh4 18. Re2 Ne5 19. b3 Nxf3 20. Qd1 Bg4 21. Rg2 Qh3 22. Rf2 Nd4 23. Rxf4 Bxd1 24. Rxd1 Nf3 25. Rxf3 Qxf3+ 26. Kg1 c6 27. Rf1 Qe3+ 28. Kh1 b5 29. Bxb5 cxb5 30. Nxb5 Qe2 31. Kg1 Qxc2 32. a4 Qxd3 33. Nxd6 Qd4+ 34. Kh1 Qxd6 0-1